| 000 | 00387nam a2200145Ia 4500 | ||
|---|---|---|---|
| 008 | 240624s9999 xx 000 0 und d | ||
| 041 | _aeng | ||
| 082 | _a658.4012 ASW | ||
| 100 | _aASWATHAPPA K | ||
| 245 | _aBUSINESS ENVIRONMENT FOR STRATEGIC MANAG | ||
| 250 | _a(2nd ed.) | ||
| 260 |
_c2007 _aNew Delhi _bHimalaya Publishing House |
||
| 300 | _a667 : p. : cm. ; 27 | ||
| 365 |
_cRS _b25 |
||
| 999 |
_c12041 _d12041 |
||